[Event "Wch u20 girls"]
[Site "Kocaeli"]
[Date "2013.09.24"]
[Round "11.26"]
[White "Krumova, Ani"]
[Black "Tuzi, Bruna"]
[Result "1-0"]
[WhiteElo "1993"]
[BlackElo "1687"]
[PlyCount "31"]
[EventDate "2013.09.??"]
[EventType "swiss"]
[EventRounds "13"]
[EventCountry "TUR"]
[Source "CBase R.Goldau"]
[SourceDate "2000.03.01"]
[TimeControl "40/5400+30:1800+30"]

1. e4 c5 2. Nc3 Nc6 3. f4 e6 4. Nf3 g6 5. g3 Bg7 6. e5 d6 7. Bb5 Nge7 8. exd6
Qxd6 9. Ne4 Qd5 10. d3 b6 11. Ne5 Bb7 12. Bc4 Qd8 13. Nxf7 Kxf7 14. Ng5+ Kf6
15. Qe2 e5 16. Ne4+ 1-0

[Event "Wch u20 girls"]
[Site "Kocaeli"]
[Date "2013.09.24"]
[Round "11.27"]
[White "Leonardi, Caterina"]
[Black "Savant, Riya"]
[Result "0-1"]
[WhiteElo "1936"]
[BlackElo "1960"]
[PlyCount "88"]
[EventDate "2013.09.??"]
[EventType "swiss"]
[EventRounds "13"]
[EventCountry "TUR"]
[Source "CBase R.Goldau"]
[SourceDate "2000.03.01"]
[TimeControl "40/5400+30:1800+30"]

1. d4 Nf6 2. c4 e6 3. g3 d5 4. Bg2 Be7 5. Nc3 O-O 6. Nf3 c6 7. O-O b6 8. cxd5
exd5 9. Ne5 Bb7 10. b3 Nbd7 11. Bb2 Nxe5 12. dxe5 Nd7 13. e4 Ba6 14. Ne2 dxe4
15. Qc2 Bd3 16. Qd1 Qc7 17. Re1 Bb4 18. Nc3 Nxe5 19. Bxe4 Rad8 20. Qh5 f5 21.
Bg2 Ng4 22. Re6 Rd6 23. Rae1 Bc5 24. Nd1 Rxe6 25. Rxe6 Qd7 26. Qg5 Rf7 27. Re1
Bc2 28. Qc1 Be4 29. Bh3 Qd5 30. Qf4 Bd6 31. Qg5 h6 32. Qc1 Bc5 33. Qf4 Bc2 34.
Bg2 Qd3 35. Bf1 Qd7 36. h3 Bd6 37. Qc1 Bxd1 38. Rxd1 Nf6 39. Bc4 Nd5 40. Bxd5
cxd5 41. Rxd5 Qc7 42. Qd2 Bc5 43. b4 Qxg3+ 44. Kf1 Qxh3+ 0-1

[Event "Wch u20 girls"]
[Site "Kocaeli"]
[Date "2013.09.24"]
[Round "11.28"]
[White "Armas, Lena"]
[Black "Alymbay, Kyzy Aizhan"]
[Result "1/2-1/2"]
[WhiteElo "1920"]
[BlackElo "1820"]
[PlyCount "96"]
[EventDate "2013.09.??"]
[EventType "swiss"]
[EventRounds "13"]
[EventCountry "TUR"]
[Source "CBase R.Goldau"]
[SourceDate "2000.03.01"]
[TimeControl "40/5400+30:1800+30"]

1. e4 c5 2. Nf3 e6 3. d3 Nc6 4. g3 Nf6 5. Bg2 d5 6. Qe2 Be7 7. O-O O-O 8. e5
Nd7 9. c4 f6 10. exf6 Nxf6 11. Bh3 e5 12. Bxc8 Rxc8 13. Nxe5 Nd4 14. Qd1 Nd7
15. Ng4 Nf3+ 16. Kh1 dxc4 17. dxc4 Nde5 18. Ne3 Qxd1 19. Rxd1 Rcd8 20. Nd5 Bd6
21. Na3 Ng4 22. Be3 Nfxh2 23. Kg2 Nxe3+ 24. Nxe3 Nf3 25. Nb5 Nd4 26. Nxd4 cxd4
27. Rxd4 Be5 28. Rxd8 Rxd8 29. Nd5 Kf7 30. Re1 Bd6 31. Rd1 Bc5 32. b3 a5 33. g4
b6 34. f4 Re8 35. Kf3 h6 36. Rh1 Re6 37. Rf1 Re8 38. Rd1 Re6 39. f5 Re5 40. Rh1
Re8 41. f6 Kg6 42. fxg7 Kxg7 43. Rh2 Re1 44. Rg2 Rf1+ 45. Ke2 Ra1 46. Kd3 Rd1+
47. Ke4 Re1+ 48. Kf5 Bd6 1/2-1/2

[Event "Wch u20 girls"]
[Site "Kocaeli"]
[Date "2013.09.24"]
[Round "11.29"]
[White "Urbonaviciute, Zivile"]
[Black "Edes, Zsofia"]
[Result "0-1"]
[WhiteElo "1826"]
[BlackElo "2044"]
[PlyCount "90"]
[EventDate "2013.09.??"]
[EventType "swiss"]
[EventRounds "13"]
[EventCountry "TUR"]
[Source "CBase R.Goldau"]
[SourceDate "2000.03.01"]
[TimeControl "40/5400+30:1800+30"]

1. e4 e5 2. Nf3 Nc6 3. d4 exd4 4. Nxd4 Bc5 5. Nb3 Bb6 6. Nc3 d6 7. Qe2 Be6 8.
Be3 Nf6 9. h3 Qe7 10. Bg5 O-O-O 11. O-O-O h6 12. Be3 Rhe8 13. Bxb6 axb6 14. Re1
d5 15. e5 Nd7 16. f4 g5 17. g3 gxf4 18. gxf4 f6 19. exf6 Qxf6 20. Qd2 Nc5 21.
Bg2 d4 22. Ne4 Nxe4 23. Bxe4 Rf8 24. Ref1 Bd5 25. Bxd5 Rxd5 26. Rf2 Ne7 27.
Rhf1 c5 28. Qe2 Rf5 29. Nd2 Nd5 30. Qe4 Ne3 31. Rg1 Rxf4 32. Rxf4 Qxf4 33. Qe6+
Kb8 34. b3 Qf2 35. Rh1 Ka7 36. Qg6 Rf6 37. Qd3 Qg2 38. Re1 Qxh3 39. Kb2 Qf5 40.
Rxe3 dxe3 41. Qxe3 Qf4 42. Qe1 Qd4+ 43. Kb1 Rd6 44. Kc1 Qc3 45. Qf2 Rxd2 0-1

[Event "Wch u20 girls"]
[Site "Kocaeli"]
[Date "2013.09.26"]
[Round "13.1"]
[White "Goryachkina, Aleksandra"]
[Black "Rodriguez Rueda, Paula Andrea"]
[Result "1-0"]
[WhiteElo "2409"]
[BlackElo "2225"]
[PlyCount "57"]
[EventDate "2013.09.??"]
[EventType "swiss"]
[EventRounds "13"]
[EventCountry "TUR"]
[Source "CBase R.Goldau"]
[SourceDate "2000.03.01"]
[TimeControl "40/5400+30:1800+30"]

1. d4 {[%emt 0:00:30]} Nf6 {[%emt 0:00:30]} 2. c4 {[%emt 0:00:00]} e6 {[%emt 0:
00:00]} 3. Nf3 {[%emt 0:00:00]} d5 {[%emt 0:00:00]} 4. Nc3 {[%emt 0:01:30]} Be7
{[%emt 0:00:30]} 5. Bf4 {[%emt 0:00:30]} O-O {[%emt 0:01:30]} 6. e3 {[%emt 0:
00:00]} c5 {[%emt 0:00:30]} 7. dxc5 {[%emt 0:03:00]} Bxc5 {[%emt 0:00:30]} 8.
cxd5 {[%emt 0:02:30]} Nxd5 {[%emt 0:02:30]} 9. Nxd5 {[%emt 0:00:30]} exd5 {
[%emt 0:00:30]} 10. a3 {[%emt 0:01:30]} Bf5 {[%emt 0:13:30]} 11. Bd3 {[%emt 0:
07:30]} Bxd3 {[%emt 0:13:30]} 12. Qxd3 {[%emt 0:00:30]} Qa5+ {[%emt 0:02:30]}
13. Nd2 {[%emt 0:03:30]} Bb4 {[%emt 0:11:30]} 14. Rd1 {[%emt 0:02:30]} Bxd2+ {
[%emt 0:00:30]} 15. Qxd2 {[%emt 0:09:30]} Qb5 {[%emt 0:15:30]} 16. Qxd5 {[%emt
0:07:30]} Qxb2 {[%emt 0:00:30]} 17. O-O {[%emt 0:00:30]} Nc6 {[%emt 0:10:30]}
18. Rb1 {[%emt 0:00:30]} Qc3 {[%emt 0:04:30]} 19. Rxb7 {[%emt 0:02:30]} Rad8 {
[%emt 0:01:55]} 20. Qb5 {[%emt 0:02:30]} h6 {[%emt 0:07:04]} 21. h3 {[%emt 0:
02:30]} Qf6 {[%emt 0:01:26]} 22. Bg3 {[%emt 0:04:30]} Rc8 {[%emt 0:03:26]} 23.
Qa6 {[%emt 0:02:30]} Qc3 {[%emt 0:01:48]} 24. Rd1 {[%emt 0:02:30]} Rfd8 {[%emt
0:03:40]} 25. Rbd7 {[%emt 0:07:30]} Qc5 {[%emt 0:02:42]} 26. Kh2 {[%emt 0:02:
30]} Qb6 {[%emt 0:01:03]} 27. Rxd8+ {[%emt 0:01:30]} Rxd8 {[%emt 0:00:29]} 28.
Rxd8+ {[%emt 0:00:00]} Nxd8 {[%emt 0:00:11]} 29. Qc8 {[%emt 0:01:00]} 1-0

[Event "Wch u20 girls"]
[Site "Kocaeli"]
[Date "2013.09.26"]
[Round "13.2"]
[White "Padmini, Rout"]
[Black "Abdumalik, Zhansaya"]
[Result "1/2-1/2"]
[WhiteElo "2312"]
[BlackElo "2277"]
[PlyCount "122"]
[EventDate "2013.09.??"]
[EventType "swiss"]
[EventRounds "13"]
[EventCountry "TUR"]
[Source "CBase R.Goldau"]
[SourceDate "2000.03.01"]
[TimeControl "40/5400+30:1800+30"]

1. e4 {[%emt 0:00:30]} c5 {[%emt 0:00:30]} 2. Nf3 {[%emt 0:00:00]} a6 {[%emt 0:
00:00]} 3. Nc3 {[%emt 0:00:00]} e6 {[%emt 0:00:00]} 4. d4 {[%emt 0:00:30]} cxd4
{[%emt 0:00:30]} 5. Nxd4 {[%emt 0:00:00]} Qc7 {[%emt 0:00:00]} 6. Bd3 {[%emt 0:
00:00]} Nf6 {[%emt 0:00:00]} 7. O-O {[%emt 0:00:30]} d6 {[%emt 0:00:30]} 8. Qe2
{[%emt 0:01:30]} Be7 {[%emt 0:01:30]} 9. Kh1 {[%emt 0:01:30]} Nbd7 {[%emt 0:01:
30]} 10. a4 {[%emt 0:02:30]} b6 {[%emt 0:01:30]} 11. f4 {[%emt 0:04:30]} Bb7 {
[%emt 0:01:30]} 12. Bd2 {[%emt 0:00:30]} O-O {[%emt 0:02:30]} 13. Rae1 {[%emt
0:17:30]} Nc5 {[%emt 0:04:30]} 14. b4 {[%emt 0:02:30]} Nxd3 {[%emt 0:01:30]}
15. cxd3 {[%emt 0:00:00]} Rac8 {[%emt 0:10:30]} 16. Nd1 {[%emt 0:11:00]} Rfe8 {
[%emt 0:12:30]} 17. Ne3 {[%emt 0:01:30]} Qd8 {[%emt 0:05:30]} 18. Rc1 {[%emt 0:
07:30]} Bf8 {[%emt 0:09:30]} 19. Rxc8 {[%emt 0:05:30]} Qxc8 {[%emt 0:00:30]}
20. Rc1 {[%emt 0:00:30]} Qb8 {[%emt 0:02:30]} 21. b5 {[%emt 0:13:30]} Rc8 {
[%emt 0:03:30]} 22. Qd1 {[%emt 0:04:30]} Nd7 {[%emt 0:01:30]} 23. Nc6 {[%emt 0:
04:30]} Bxc6 {[%emt 0:17:30]} 24. Rxc6 {[%emt 0:05:51]} axb5 {[%emt 0:05:41]}
25. axb5 {[%emt 0:00:49]} Qa8 {[%emt 0:02:10]} 26. Qc1 {[%emt 0:01:56]} Rb8 {
[%emt 0:01:49]} 27. h3 {[%emt 0:06:09]} Nc5 {[%emt 0:02:34]} 28. Qb1 {[%emt 0:
01:08]} Qa3 {[%emt 0:05:55]} 29. Nc4 {[%emt 0:03:34]} Qxd3 {[%emt 0:00:58]} 30.
Qxd3 {[%emt 0:00:07]} Nxd3 {[%emt 0:00:04]} 31. Be3 {[%emt 0:00:55]} Nb4 {
[%emt 0:02:32]} 32. Rxb6 {[%emt 0:01:24]} Rd8 {[%emt 0:00:52]} 33. Rb7 {[%emt
0:00:52]} d5 {[%emt 0:00:26]} 34. exd5 {[%emt 0:00:43]} exd5 {[%emt 0:00:18]}
35. Ne5 {[%emt 0:00:20]} d4 {[%emt 0:00:58]} 36. Bd2 {[%emt 0:00:21]} f6 {
[%emt 0:00:46]} 37. Nd7 {[%emt 0:01:32]} Bd6 {[%emt 0:00:43]} 38. b6 {[%emt 0:
01:15]} Nc6 {[%emt 0:00:37]} 39. Kg1 {[%emt 0:01:05]} Re8 {[%emt 0:00:53]} 40.
Kf1 {[%emt 0:00:00]} d3 {[%emt 0:00:00]} 41. g4 {[%emt 0:08:59]} Re2 {[%emt 0:
08:44]} 42. Nxf6+ {[%emt 0:03:30]} gxf6 {[%emt 0:00:30]} 43. Rd7 {[%emt 0:00:
30]} Rxd2 {[%emt 0:08:17]} 44. Rxd6 {[%emt 0:00:30]} Rb2 {[%emt 0:00:23]} 45.
Rxd3 {[%emt 0:04:53]} Rxb6 {[%emt 0:00:42]} 46. Kg2 {[%emt 0:00:14]} Kf7 {
[%emt 0:02:09]} 47. Rd7+ {[%emt 0:00:19]} Ne7 {[%emt 0:00:31]} 48. Ra7 {[%emt
0:00:09]} Rb3 {[%emt 0:00:46]} 49. h4 {[%emt 0:02:11]} Rb2+ {[%emt 0:03:53]}
50. Kg3 {[%emt 0:00:12]} Rb3+ {[%emt 0:00:05]} 51. Kg2 {[%emt 0:00:07]} Re3 {
[%emt 0:01:11]} 52. h5 {[%emt 0:04:27]} Rd3 {[%emt 0:02:33]} 53. g5 {[%emt 0:
04:26]} f5 {[%emt 0:02:45]} 54. Kf2 {[%emt 0:00:31]} Rh3 {[%emt 0:00:56]} 55.
g6+ {[%emt 0:02:07]} hxg6 {[%emt 0:02:55]} 56. hxg6+ {[%emt 0:00:02]} Ke6 {
[%emt 0:00:30]} 57. g7 {[%emt 0:00:24]} Ng8 {[%emt 0:00:09]} 58. Ra8 {[%emt 0:
00:17]} Kf7 {[%emt 0:00:22]} 59. Rf8+ {[%emt 0:00:13]} Kxg7 {[%emt 0:00:06]}
60. Rxf5 {[%emt 0:00:04]} Ne7 {[%emt 0:00:07]} 61. Ra5 {[%emt 0:00:14]} Kf6 {
[%emt 0:00:25]} 1/2-1/2

[Event "Wch u20 girls"]
[Site "Kocaeli"]
[Date "2013.09.26"]
[Round "13.3"]
[White "Saduakassova, Dinara"]
[Black "Bulmaga, Irina"]
[Result "1/2-1/2"]
[WhiteElo "2326"]
[BlackElo "2410"]
[PlyCount "119"]
[EventDate "2013.09.??"]
[EventType "swiss"]
[EventRounds "13"]
[EventCountry "TUR"]
[Source "CBase R.Goldau"]
[SourceDate "2000.03.01"]
[TimeControl "40/5400+30:1800+30"]

1. d4 {[%emt 0:00:30]} Nf6 {[%emt 0:00:30]} 2. c4 {[%emt 0:00:00]} e6 {[%emt 0:
00:00]} 3. Nc3 {[%emt 0:00:00]} Bb4 {[%emt 0:00:00]} 4. Qc2 {[%emt 0:00:30]}
O-O {[%emt 0:00:30]} 5. e4 {[%emt 0:00:00]} d5 {[%emt 0:00:30]} 6. e5 {[%emt 0:
00:00]} Ne4 {[%emt 0:00:00]} 7. Bd3 {[%emt 0:00:00]} c5 {[%emt 0:00:00]} 8. Nf3
{[%emt 0:00:00]} cxd4 {[%emt 0:03:30]} 9. Nxd4 {[%emt 0:00:30]} Nd7 {[%emt 0:
01:30]} 10. Bxe4 {[%emt 0:00:30]} dxe4 {[%emt 0:00:30]} 11. Qxe4 {[%emt 0:00:
30]} Qa5 {[%emt 0:07:30]} 12. O-O {[%emt 0:00:30]} Qxe5 {[%emt 0:01:30]} 13.
Qh4 {[%emt 0:00:30]} Bxc3 {[%emt 0:08:30]} 14. bxc3 {[%emt 0:00:30]} a6 {[%emt
0:02:30]} 15. Bf4 {[%emt 0:26:30]} Qf6 {[%emt 0:06:30]} 16. Qxf6 {[%emt 0:12:
30]} Nxf6 {[%emt 0:00:00]} 17. f3 {[%emt 0:03:30]} Bd7 {[%emt 0:07:00]} 18.
Rab1 {[%emt 0:01:30]} b5 {[%emt 0:08:30]} 19. cxb5 {[%emt 0:07:30]} axb5 {
[%emt 0:00:30]} 20. Nxb5 {[%emt 0:01:30]} Nd5 {[%emt 0:04:30]} 21. Bd6 {[%emt
0:03:30]} Bxb5 {[%emt 0:05:30]} 22. Rxb5 {[%emt 0:00:30]} Rfd8 {[%emt 0:01:30]}
23. Bb4 {[%emt 0:19:30]} Rxa2 {[%emt 0:05:30]} 24. Rf2 {[%emt 0:00:30]} Ra1+ {
[%emt 0:03:30]} 25. Rf1 {[%emt 0:00:00]} Ra4 {[%emt 0:02:30]} 26. Rb1 {[%emt 0:
04:53]} h6 {[%emt 0:01:30]} 27. Ra5 {[%emt 0:02:16]} Rxa5 {[%emt 0:01:30]} 28.
Bxa5 {[%emt 0:00:05]} Rc8 {[%emt 0:01:30]} 29. Rb3 {[%emt 0:01:00]} g5 {[%emt
0:00:30]} 30. Kf2 {[%emt 0:00:31]} Kg7 {[%emt 0:00:30]} 31. g3 {[%emt 0:00:33]}
f5 {[%emt 0:10:45]} 32. Ke2 {[%emt 0:03:35]} h5 {[%emt 0:10:59]} 33. Kd3 {
[%emt 0:00:40]} f4 {[%emt 0:01:06]} 34. c4 {[%emt 0:01:10]} Ne3 {[%emt 0:00:51]
} 35. gxf4 {[%emt 0:00:49]} gxf4 {[%emt 0:00:39]} 36. Rb7+ {[%emt 0:03:03]} Kg6
{[%emt 0:00:28]} 37. Bc7 {[%emt 0:01:37]} Kf5 {[%emt 0:01:00]} 38. Rb5+ {[%emt
0:02:27]} Kg6 {[%emt 0:00:30]} 39. Rb7 {[%emt 0:01:16]} Kg5 {[%emt 0:01:11]}
40. Ra7 {[%emt 0:00:00]} Rf8 {[%emt 0:00:00]} 41. c5 {[%emt 0:15:52]} Rf5 {
[%emt 0:14:01]} 42. Bd6 {[%emt 0:01:17]} Rd5+ {[%emt 0:00:30]} 43. Ke4 {[%emt
0:00:24]} Nf5 {[%emt 0:00:30]} 44. Ra4 {[%emt 0:07:17]} Nxd6+ {[%emt 0:02:57]}
45. cxd6 {[%emt 0:00:11]} Rxd6 {[%emt 0:00:05]} 46. Ra5+ {[%emt 0:00:14]} Kh4 {
[%emt 0:02:27]} 47. Kxf4 {[%emt 0:00:08]} Rd2 {[%emt 0:00:53]} 48. Re5 {[%emt
0:04:08]} Rxh2 {[%emt 0:00:17]} 49. Rxe6 {[%emt 0:00:03]} Kh3 {[%emt 0:01:38]}
50. Kf5 {[%emt 0:01:17]} h4 {[%emt 0:01:36]} 51. f4 {[%emt 0:00:21]} Rg2 {
[%emt 0:00:55]} 52. Rh6 {[%emt 0:02:10]} Kg3 {[%emt 0:01:15]} 53. Kg5 {[%emt 0:
00:36]} h3 {[%emt 0:00:18]} 54. f5 {[%emt 0:00:05]} Kf3+ {[%emt 0:03:41]} 55.
Kf6 {[%emt 0:00:06]} h2 {[%emt 0:00:32]} 56. Kf7 {[%emt 0:00:35]} Kg3 {[%emt 0:
01:21]} 57. f6 {[%emt 0:00:10]} Rf2 {[%emt 0:00:14]} 58. Kg7 {[%emt 0:00:21]}
Kg2 {[%emt 0:00:57]} 59. Rxh2+ {[%emt 0:00:05]} Kxh2 {[%emt 0:00:15]} 60. f7 {
[%emt 0:00:03]} 1/2-1/2

[Event "Wch u20 girls"]
[Site "Kocaeli"]
[Date "2013.09.26"]
[Round "13.4"]
[White "Hejazipour, Mitra"]
[Black "Medina, Warda Aulia"]
[Result "1-0"]
[WhiteElo "2256"]
[BlackElo "2301"]
[PlyCount "81"]
[EventDate "2013.09.??"]
[EventType "swiss"]
[EventRounds "13"]
[EventCountry "TUR"]
[Source "CBase R.Goldau"]
[SourceDate "2000.03.01"]
[TimeControl "40/5400+30:1800+30"]

1. d4 {[%emt 0:00:30]} Nf6 {[%emt 0:00:30]} 2. Nf3 {[%emt 0:00:00]} e6 {[%emt
0:00:00]} 3. c4 {[%emt 0:00:00]} b6 {[%emt 0:00:00]} 4. a3 {[%emt 0:00:30]} Ba6
{[%emt 0:04:30]} 5. Qc2 {[%emt 0:00:30]} Be7 {[%emt 0:00:30]} 6. Bg5 {[%emt 0:
12:30]} d5 {[%emt 0:09:30]} 7. e3 {[%emt 0:05:30]} O-O {[%emt 0:00:30]} 8. Nbd2
{[%emt 0:20:30]} c5 {[%emt 0:03:30]} 9. dxc5 {[%emt 0:02:30]} bxc5 {[%emt 0:00:
30]} 10. Bd3 {[%emt 0:02:30]} h6 {[%emt 0:00:30]} 11. Bh4 {[%emt 0:00:30]} Nbd7
{[%emt 0:04:30]} 12. O-O {[%emt 0:01:30]} Rc8 {[%emt 0:00:30]} 13. Rfd1 {[%emt
0:01:30]} Qb6 {[%emt 0:00:30]} 14. b3 {[%emt 0:05:30]} Bd6 {[%emt 0:07:30]} 15.
cxd5 {[%emt 0:05:30]} Bxd3 {[%emt 0:01:30]} 16. Qxd3 {[%emt 0:00:30]} exd5 {
[%emt 0:00:30]} 17. Rab1 {[%emt 0:06:30]} Rfe8 {[%emt 0:03:30]} 18. Nc4 {[%emt
0:04:30]} Bxh2+ {[%emt 0:05:30]} 19. Kxh2 {[%emt 0:02:30]} dxc4 {[%emt 0:00:30]
} 20. Qxc4 {[%emt 0:01:30]} Re4 {[%emt 0:06:30]} 21. Qe2 {[%emt 0:04:30]} Qe6 {
[%emt 0:02:30]} 22. Bg3 {[%emt 0:01:30]} Nh5 {[%emt 0:01:30]} 23. Bd6 {[%emt 0:
03:10]} Rc6 {[%emt 0:03:30]} 24. Qd3 {[%emt 0:01:13]} Rg4 {[%emt 0:01:30]} 25.
g3 {[%emt 0:05:59]} Nhf6 {[%emt 0:10:30]} 26. Kg2 {[%emt 0:01:00]} g5 {[%emt 0:
07:30]} 27. Bb8 {[%emt 0:06:53]} Nxb8 {[%emt 0:05:49]} 28. Qd8+ {[%emt 0:00:36]
} Kg7 {[%emt 0:00:39]} 29. Qxb8 {[%emt 0:00:03]} Rb6 {[%emt 0:06:03]} 30. Qxa7
{[%emt 0:01:43]} Qc6 {[%emt 0:00:15]} 31. Rd8 {[%emt 0:01:12]} Re4 {[%emt 0:00:
36]} 32. Qa8 {[%emt 0:00:26]} Qe6 {[%emt 0:03:26]} 33. Nd2 {[%emt 0:01:02]} Ra6
{[%emt 0:01:15]} 34. Qc8 {[%emt 0:01:13]} Rxa3 {[%emt 0:01:08]} 35. Qxc5 {
[%emt 0:00:19]} Ra2 {[%emt 0:00:03]} 36. Qf8+ {[%emt 0:00:40]} Kg6 {[%emt 0:00:
01]} 37. Rh1 {[%emt 0:00:17]} Rh4 {[%emt 0:00:38]} 38. Rd6 {[%emt 0:00:39]} Qf5
{[%emt 0:00:39]} 39. Qg8+ {[%emt 0:00:22]} Kh5 {[%emt 0:00:49]} 40. Qxf7+ {
[%emt 0:00:00]} Kg4 {[%emt 0:00:00]} 41. Rd4+ {[%emt 0:00:43]} 1-0

[Event "Wch u20 girls"]
[Site "Kocaeli"]
[Date "2013.09.26"]
[Round "13.5"]
[White "Sihite, Chelsie Monica"]
[Black "Kashlinskaya, Alina"]
[Result "0-1"]
[WhiteElo "2282"]
[BlackElo "2390"]
[PlyCount "110"]
[EventDate "2013.09.??"]
[EventType "swiss"]
[EventRounds "13"]
[EventCountry "TUR"]
[Source "CBase R.Goldau"]
[SourceDate "2000.03.01"]
[TimeControl "40/5400+30:1800+30"]

1. e4 {[%emt 0:00:30]} e5 {[%emt 0:00:30]} 2. Nf3 {[%emt 0:01:30]} Nc6 {[%emt
0:00:00]} 3. Bc4 {[%emt 0:00:30]} Nf6 {[%emt 0:00:00]} 4. d3 {[%emt 0:00:00]}
Be7 {[%emt 0:00:00]} 5. Bb3 {[%emt 0:06:00]} O-O {[%emt 0:01:00]} 6. c3 {[%emt
0:06:30]} d5 {[%emt 0:00:30]} 7. Qe2 {[%emt 0:00:30]} Re8 {[%emt 0:12:30]} 8.
h3 {[%emt 0:02:30]} a5 {[%emt 0:01:30]} 9. Ba4 {[%emt 0:04:30]} Bd7 {[%emt 0:
07:30]} 10. O-O {[%emt 0:02:30]} Nb8 {[%emt 0:10:30]} 11. Bc2 {[%emt 0:03:30]}
Bb5 {[%emt 0:04:30]} 12. c4 {[%emt 0:00:30]} dxc4 {[%emt 0:00:30]} 13. dxc4 {
[%emt 0:00:30]} Ba6 {[%emt 0:00:30]} 14. Rd1 {[%emt 0:10:30]} Qc8 {[%emt 0:00:
00]} 15. Ba4 {[%emt 0:01:30]} c6 {[%emt 0:02:00]} 16. Nc3 {[%emt 0:14:30]} Nbd7
{[%emt 0:01:30]} 17. Be3 {[%emt 0:00:30]} Nc5 {[%emt 0:05:30]} 18. Bb5 {[%emt
0:15:30]} cxb5 {[%emt 0:15:30]} 19. cxb5 {[%emt 0:00:00]} Nfxe4 {[%emt 0:00:30]
} 20. Nd5 {[%emt 0:02:00]} Bd8 {[%emt 0:02:30]} 21. Rac1 {[%emt 0:06:30]} b6 {
[%emt 0:01:30]} 22. bxa6 {[%emt 0:00:30]} Qxa6 {[%emt 0:00:30]} 23. Qc2 {[%emt
0:00:30]} h6 {[%emt 0:04:30]} 24. b3 {[%emt 0:02:03]} Qb7 {[%emt 0:01:30]} 25.
a3 {[%emt 0:00:20]} Nf6 {[%emt 0:02:30]} 26. Nxf6+ {[%emt 0:01:51]} Bxf6 {
[%emt 0:00:30]} 27. b4 {[%emt 0:00:30]} axb4 {[%emt 0:00:30]} 28. axb4 {[%emt
0:00:30]} Na4 {[%emt 0:01:30]} 29. Qf5 {[%emt 0:01:39]} Re6 {[%emt 0:02:30]}
30. Qg4 {[%emt 0:02:16]} Nb2 {[%emt 0:04:40]} 31. Rd2 {[%emt 0:00:16]} e4 {
[%emt 0:00:06]} 32. Nd4 {[%emt 0:01:56]} Bxd4 {[%emt 0:00:05]} 33. Rxd4 {[%emt
0:00:05]} Nd3 {[%emt 0:00:13]} 34. Rd1 {[%emt 0:00:59]} Rae8 {[%emt 0:01:01]}
35. b5 {[%emt 0:01:50]} Qc7 {[%emt 0:02:02]} 36. Rd5 {[%emt 0:02:16]} Qc2 {
[%emt 0:04:04]} 37. Ra1 {[%emt 0:01:04]} Qc4 {[%emt 0:01:35]} 38. Rh5 {[%emt 0:
04:02]} Ne5 {[%emt 0:02:02]} 39. Qg3 {[%emt 0:01:24]} Kh7 {[%emt 0:02:48]} 40.
Qf4 {[%emt 0:00:00]} Rf6 {[%emt 0:00:00]} 41. Qh4 {[%emt 0:02:59]} Rg6 {[%emt
0:05:24]} 42. Kh1 {[%emt 0:01:30]} Qe2 {[%emt 0:02:30]} 43. Rf5 {[%emt 0:00:30]
} Nc4 {[%emt 0:02:30]} 44. Bd4 {[%emt 0:02:30]} Qd2 {[%emt 0:01:30]} 45. Rd5 {
[%emt 0:01:30]} e3 {[%emt 0:12:29]} 46. Qf4 {[%emt 0:00:30]} Rf6 {[%emt 0:01:
57]} 47. Rf5 {[%emt 0:02:30]} e2 {[%emt 0:05:10]} 48. Rxf6 {[%emt 0:00:00]}
e1=Q+ {[%emt 0:01:22]} 49. Rxe1 {[%emt 0:00:00]} Qxe1+ {[%emt 0:00:06]} 50. Kh2
{[%emt 0:00:30]} gxf6 {[%emt 0:02:07]} 51. Qxf6 {[%emt 0:01:30]} Ne5 {[%emt 0:
00:14]} 52. Qf5+ {[%emt 0:02:30]} Kg8 {[%emt 0:00:12]} 53. Bxb6 {[%emt 0:01:30]
} Qb4 {[%emt 0:03:49]} 54. Be3 {[%emt 0:02:30]} Re6 {[%emt 0:01:22]} 55. b6 {
[%emt 0:00:30]} Nd7 {[%emt 0:00:11]} 0-1

[Event "Wch u20 girls"]
[Site "Kocaeli"]
[Date "2013.09.26"]
[Round "13.6"]
[White "Stetsko, Lanita"]
[Black "Cori T, Deysi"]
[Result "0-1"]
[WhiteElo "2209"]
[BlackElo "2434"]
[PlyCount "72"]
[EventDate "2013.09.??"]
[EventType "swiss"]
[EventRounds "13"]
[EventCountry "TUR"]
[Source "CBase R.Goldau"]
[SourceDate "2000.03.01"]
[TimeControl "40/5400+30:1800+30"]

1. e4 {[%emt 0:00:30]} c5 {[%emt 0:00:30]} 2. Nf3 {[%emt 0:00:00]} e6 {[%emt 0:
00:00]} 3. d4 {[%emt 0:00:00]} cxd4 {[%emt 0:00:00]} 4. Nxd4 {[%emt 0:00:00]}
Nc6 {[%emt 0:00:00]} 5. Nc3 {[%emt 0:00:00]} Qc7 {[%emt 0:00:00]} 6. f4 {[%emt
0:01:30]} a6 {[%emt 0:04:30]} 7. Nxc6 {[%emt 0:00:30]} Qxc6 {[%emt 0:00:30]} 8.
Bd3 {[%emt 0:00:30]} b5 {[%emt 0:08:30]} 9. Qe2 {[%emt 0:01:30]} Bb7 {[%emt 0:
03:30]} 10. Bd2 {[%emt 0:00:30]} Be7 {[%emt 0:05:30]} 11. a3 {[%emt 0:00:30]}
Bh4+ {[%emt 0:08:30]} 12. g3 {[%emt 0:03:30]} Be7 {[%emt 0:00:30]} 13. O-O-O {
[%emt 0:01:30]} b4 {[%emt 0:05:30]} 14. axb4 {[%emt 0:04:30]} Bxb4 {[%emt 0:07:
30]} 15. g4 {[%emt 0:04:30]} Ne7 {[%emt 0:00:30]} 16. Kb1 {[%emt 0:05:30]} Rb8
{[%emt 0:03:30]} 17. g5 {[%emt 0:04:30]} Ba8 {[%emt 0:01:30]} 18. Bc4 {[%emt 0:
03:30]} O-O {[%emt 0:01:30]} 19. Rhe1 {[%emt 0:14:30]} a5 {[%emt 0:08:30]} 20.
Bb5 {[%emt 0:09:30]} Qc7 {[%emt 0:05:30]} 21. Qd3 {[%emt 0:07:30]} Rfc8 {[%emt
0:02:30]} 22. f5 {[%emt 0:09:30]} Qe5 {[%emt 0:06:30]} 23. Qxd7 {[%emt 0:11:43]
} Nc6 {[%emt 0:10:42]} 24. fxe6 {[%emt 0:02:52]} fxe6 {[%emt 0:00:24]} 25. Bc4
{[%emt 0:04:05]} Nd4 {[%emt 0:02:57]} 26. Bf4 {[%emt 0:00:43]} Qxf4 {[%emt 0:
00:06]} 27. Qxd4 {[%emt 0:00:35]} Kh8 {[%emt 0:00:11]} 28. Nb5 {[%emt 0:08:05]}
Bxe1 {[%emt 0:01:26]} 29. Rxe1 {[%emt 0:00:26]} Rd8 {[%emt 0:01:57]} 30. Qc3 {
[%emt 0:01:47]} Bxe4 {[%emt 0:00:23]} 31. Rf1 {[%emt 0:00:36]} Qxg5 {[%emt 0:
02:58]} 32. Nd4 {[%emt 0:00:32]} Qe5 {[%emt 0:01:06]} 33. Rd1 {[%emt 0:00:29]}
Rbc8 {[%emt 0:00:23]} 34. b3 {[%emt 0:00:29]} Rc7 {[%emt 0:03:14]} 35. Rf1 {
[%emt 0:00:17]} Bf5 {[%emt 0:00:41]} 36. Nb5 {[%emt 0:00:41]} Qxb5 {[%emt 0:00:
15]} 0-1